La señorita Lucila
Enregistré dans:
| Auteur principal: | |
|---|---|
| Format: | Livre |
| Langue: | espagnol |
| Publié: |
Los Andes
Instituto Alto Aconcagua
1986
|
| Sujets: | |
| Tags: |
Ajouter un tag
Pas de tags, Soyez le premier à ajouter un tag!
|
MARC
| LEADER | 00000cam a2200000 a 4500 | ||
|---|---|---|---|
| 001 | UCG9348 | ||
| 003 | CL-VaPUC | ||
| 008 | 120309e19860000CL |||||||||||||||||spa|d | ||
| 082 | 0 | 4 | |a 928.61 |b LEI |2 21 |
| 100 | 0 | |a Leiva Berríos, René |e author |9 560868 | |
| 245 | 1 | 3 | |a La señorita Lucila |
| 300 | |a t | ||
| 942 | |c BK | ||
| 945 | |d 20120309 00:00:00 |a dcastane | ||
| 260 | |a Los Andes |b Instituto Alto Aconcagua |c 1986 | ||
| 650 | 0 | |a Poetas chilenos |9 326722 | |
| 650 | 0 | |a Biografías |9 255210 | |
| 650 | 0 | |a Literatura chilena |9 308278 | |
| 650 | 0 | |a Poesía chilena |9 268403 | |
| 583 | |a last modification |c 20120316 10:28:29 |k Rodrigo Vera | ||
| 999 | |c 346905 |d 346903 | ||
| 952 | |0 0 |1 0 |4 0 |6 928_610000000000000_LEI_1986 |7 0 |8 A |9 447848 |a BIBEDU |b BIBEDU |d 2019-11-22 |h t.1 |i 4837886 |o 928.61 LEI 1986 |p 4837886 |r 2019-11-22 |w 2019-11-22 |y BK |k BME | ||